Studies in rural capitalism in West Africa. (Record no. 91)
[ view plain ]
| 000 -LEADER | |
|---|---|
| fixed length control field | 00491cam a2200169 4500 |
| 020 ## - INTERNATIONAL STANDARD BOOK NUMBER | |
| ISBN | 0521076226 |
| 050 00 - CALL NUMBER | |
| Classification number | HD2130.W5 |
| Item number | H54 |
| 100 1# - AUTHOR | |
| Personal name | Hill, Polly, |
| 245 10 - TITLE | |
| Title | Studies in rural capitalism in West Africa. |
| 260 ## - PUBLICATION INFORMATION | |
| Place of publication | Cambridge [Eng.] |
| Name of publisher | University Press, |
| Year of publication | 1970. |
| 300 ## - DESCRIPTION | |
| Number of Pages | xxiii, 172 p. |
| Other physical details | illus. |
| Dimensions | 24 cm. |
| 440 #0 - SERIES | |
| SERIES | African studies series, |
| 500 ## - NOTES | |
| General note | INCLUDES INDEX |
| 650 #0 - SUBJECTS | |
| Topical Term | Agriculture |
| General subdivision | Economic aspects |
| -- | Case studies. |
| 650 #0 - SUBJECTS | |
| Topical Term | Farmers |
| General subdivision | Case studies. |
| 942 ## - ADDED ENTRY ELEMENTS (KOHA) | |
| Koha item type | Books |
| Withdrawn status | Lost status | Home library | Current library | Date acquired | Full call number | Accession Number | Koha item type |
|---|---|---|---|---|---|---|---|
| Methodist University Library Wenchi Faculty | Methodist University Library Wenchi Faculty | 11/10/2017 | HD2130.W5 H54 | 1747 | Books |